Trenčín, Trenčianske Teplice Orientačná mapa ; Mária Klobošičová, Elena Strečanská, Dušan Darovec

Bibliographic Details
Main Authors: Klobošičová, Mária (Author), Strečanská, Elena (Author), Darovec, Dušan (Author)
Format: Book
Language:Slovak
PhysicalDescription:1 l. 66,5x84,5 cm
Published: Bratislava Slovenská kartografia 1987
Edition:1. vyd.
Subjects:

MARC

LEADER 00000nam a2200000 a 4500
001 vtls001192885
003 SK-MaSNL
005 20260301112346.0
008 250414s1987 xo 0 slo
035 |a SNK000135950 
040 |a SNK  |b slo  |c SNK  |e AACR2 
041 0 |a slo 
044 |a xo  |c SK 
080 |a 908.437.626(084.3)  |2 1981 
245 0 0 |a Trenčín, Trenčianske Teplice  |h Mapa  |b Orientačná mapa ; Mária Klobošičová, Elena Strečanská, Dušan Darovec 
250 |a 1. vyd. 
260 |a Bratislava  |b Slovenská kartografia  |c 1987  |e Bratislava  |f Slovenská kartografia 
300 |a 1 l.  |c 66,5x84,5 cm 
366 |e 30 000 výtl. 
500 |a Mapa obojstranná. Text. časť v jaz. rus., nem., a angl. Vysvetl. Zozn. ulíc. Fot. Red. uzáv. 26. 9. 1985. 
500 |a Sprac. Slovenská kartografia, Bratislava. Zodp. red. Mária Klobošičová. Techn. red. Elena Strečanská. Ob. a graf. úpr. Dušan Darovec. 
651 7 |a 5210  |2 SNK  |9 276500 
655 7 |a CMO  |2 SNK  |9 283153 
700 1 |a Klobošičová, Mária  |4 aut  |9 62617 
700 1 |a Strečanská, Elena  |4 aut  |9 283177 
700 1 |a Darovec, Dušan  |4 aut  |9 277550 
852 |a Slovenská národná knižnica 
923 |a orientačná 
923 |a skladaná 
923 |a pre verejnosť 
954 |a SSR  |a Trenčín  |a Trenčianske Teplice 
958 |a OND 
999 |c 710205  |d 712135 
952 |a SNK  |b SNK  |y VYP  |7 0  |p 17A0683902  |o snkSLCm 1294 D1  |i snkKSP 6211/87  |0 0  |1 0  |4 0  |d 2011-01-18  |l 0  |r 2026-02-23 21:29:12  |w 2026-02-23